La representación aragonesa en la Junta Central Suprema : (Record no. 184584)

MARC details
000 -LEADER
campo de control de longitud fija 01006nam a2200217 i 4500
001 - NÚMERO DE CONTROL
campo de control 184584
003 - IDENTIFICADOR DE NÚMERO DE CONTROL
campo de control ES-MaACL
005 - FECHA Y HORA DE LA ÚLTIMA TRANSACCIÓN
campo de control 20250826010036.0
008 - DATOS DE LONGITUD FIJA--INFORMACIÓN GENERAL
campo de control de longitud fija 151023s1912 sp |||| | spa d
245 03 - MENCIÓN DEL TÍTULO
Título La representación aragonesa en la Junta Central Suprema :
Resto del título (25 septiembre 1808-29 enero 1810) /
Mención de responsabilidad, etc. transcripción y estudio preliminar de Pedro Longás Bartibás.
260 ## - PUBLICACIÓN, DISTRIBUCIÓN, ETC.
Lugar de publicación, distribución, etc. [S.l.] :
Nombre del editor, distribuidor, etc. [s.n.],
Fecha de publicación, distribución, etc. [1912] (
Lugar de fabricación/manufactura Zaragoza :
Fabricante Imp. de Carra)
300 ## - DESCRIPCIÓN FÍSICA
Extensión XXXVII, 250 p. ;
Dimensiones 22 cm.
490 1# - MENCIÓN DE SERIE
Mención de serie Colección de documentos para el estudio de la historia de Aragón ;
Designación de volumen o secuencia 7
610 24 - PUNTO DE ACCESO ADICIONAL DE MATERIA--NOMBRE DE ENTIDAD CORPORATIVA
Nombre de entidad corporativa o nombre de jurisdicción como elemento de entrada España.
Unidad subordinada Junta Suprema Central-
Subdivisión de forma Historia-
-- Fuentes.
9 (RLIN) 158005
651 #4 - PUNTO DE ACCESO ADICIONAL DE MATERIA--NOMBRE GEOGRÁFICO
Nombre geográfico Aragón-
Subdivisión general Historia-
Subdivisión cronológica S.XIX-
Subdivisión de forma Fuentes.
9 (RLIN) 158006
651 #4 - PUNTO DE ACCESO ADICIONAL DE MATERIA--NOMBRE GEOGRÁFICO
Nombre geográfico España-
Subdivisión general Historia-
Subdivisión cronológica 1808-1814, Guerra de la Independencia-
Subdivisión de forma Fuentes.
9 (RLIN) 142504
700 1# - ENTRADA AGREGADA--NOMBRE PERSONAL
Nombre de persona Longás Bartibás, Pedro.
9 (RLIN) 73232
830 00 - PUNTO DE ACCESO ADICIONAL DE SERIE-TÍTULO UNIFORME
Título uniforme Colección de documentos para el estudio de la historia de Aragón
Designación de volumen o secuencia 7
9 (RLIN) 192177
852 ## - LOCALIZACIÓN
Ubicación ES-MaACL
Número de control de estantería C-2176
Holdings
Estatus retirado Estado de pérdida Estado de daño No para préstamo Biblioteca de origen Biblioteca actual Ubicación en estantería Fecha de adquisición Fuente de adquisición Total de préstamos Signatura topográfica completa Código de barras Visto por última vez Precio de reemplazo Tipo de ítem Koha
        Biblioteca del Ateneo de Madrid Biblioteca del Ateneo de Madrid Sala Palomar 23/10/2015     C-2176 1194334 23/02/2023 23/02/2023 Libro impreso